000 00556 a2200169 4500
003 NUST
005 20251022121721.0
040 _cNust
082 _a621.382,SAB
100 _aSabzwari, Major Syed Munir Hussain (TE-43-A)
_9131419
245 _aSecurity management using fingerprint verification /
_cMajor Syed Munir Hussain Sabzwari, Maj Bila Yousaf , Maj Asif Nawaz& NC Muhammad Owais Ul Haq (TE-43)
260 _aRawalpindi
_bMCS
_cJune 2010
300 _axiii, 72 p.;
650 _aUG Projects
_998716
651 _aTE-43-A
_9131420
942 _cPR
_2ddc
999 _c188613
_d188613